Sports Quiz

Random Sports or NFL Quiz

NFL Last 1st Round QB per Team Quiz Stats

 Plays Quiz Updated Apr 25, 2019

Score 0/32 Timer 06:00
29 Plays Today
Team Player % Correct
Indianapolis ColtsAndrew Luck
94.9%
Baltimore RavensLamar Jackson
94.8%
Los Angeles ChargersEli Manning
92.7%
Green Bay PackersAaron Rodgers
91.5%
Atlanta FalconsMatt Ryan
90.8%
Detroit LionsMatthew Stafford
90.8%
Washington RedskinsDwayne Haskins
90.3%
New Orleans SaintsArchie Manning
89.6%
Carolina PanthersCam Newton
89.5%
San Francisco 49ersAlex Smith
87.4%
New York JetsSam Darnold
86.7%
Pittsburgh SteelersBen Roethlisberger
86.6%
Los Angeles RamsJared Goff
86.3%
New York GiantsDaniel Jones
82.9%
Cincinnati BengalsCarson Palmer
82.2%
Philadelphia EaglesCarson Wentz
81.5%
Team Player % Correct
Minnesota VikingsTeddy Bridgewater
81.5%
Tampa Bay BuccaneersJameis Winston
81.1%
Houston TexansDeshaun Watson
81.1%
Jacksonville JaguarsBlake Bortles
81.1%
Tennessee TitansMarcus Mariota
80.8%
Oakland RaidersJaMarcus Russell
79.6%
Cleveland BrownsBaker Mayfield
79.5%
New England PatriotsDrew Bledsoe
78.6%
Miami DolphinsRyan Tannehill
78.4%
Denver BroncosPaxton Lynch
77.3%
Dallas CowboysTroy Aikman
72.6%
Buffalo BillsJosh Allen
70.8%
Chicago BearsMitchell Trubisky
58.2%
Arizona CardinalsKyler Murray
56.4%
Kansas City ChiefsPatrick Mahomes
31%
Seattle SeahawksRick Mirer
22.7%

You're not logged in!

Compare scores with friends on all Sporcle quizzes.
OR
Log In

Show Comments

Extras

Top Quizzes Today


Score Distribution

Your Account Isn't Verified!

In order to create a playlist on Sporcle, you need to verify the email address you used during registration. Go to your Sporcle Settings to finish the process.

Report this User

Report this user for behavior that violates our Community Guidelines.

Details: